Literárny hold svetovému vzdelancovi k VIII. ročníku celoslovenskej súťaže v tvorbe duchovnej poézie, prózy a drámy - Gorazdov literárny Prešov 2003

Bibliographic Details
Format: Article
Language:Slovak
ISSN:1335-4515
Subjects:

MARC

LEADER 00000nab a2200000 a 4500
001 vtls000872302
003 SK-MaSNL
005 20260304181423.0
008 040806c2004 xo 0 slo
015 |a SNBRB2004/05-14608 
035 |a CLN000223854 
040 |a SNKBUCL  |b slo  |c SNKBUCL  |e AACR2 
041 0 |a slo 
044 |a xo  |c SK 
080 |a 82:061.7:06.063:821.162.4  |2 UDC-MRF-SK2 
080 |a 821.162.4:061.7  |2 UDC-MRF-SK2 
245 0 0 |a Literárny hold svetovému vzdelancovi  |b k VIII. ročníku celoslovenskej súťaže v tvorbe duchovnej poézie, prózy a drámy - Gorazdov literárny Prešov 2003 
611 1 7 |a Gorazdov literárny Prešov  |n (8. :  |d 2003 :  |c Prešov, Slovensko)  |2 snkbucl  |9 1022984 
650 0 7 |a slovenská literatúra  |2 snkbucl  |9 1115 
650 0 7 |a literárne súťaže  |2 snkbucl  |9 4275 
651 7 |a Prešov (Slovensko)  |2 snkbucl  |9 17347 
655 7 |a články z novín a časopisov  |2 snkbucl  |9 267496 
773 0 |x 1335-4515  |t Národná osveta  |g Roč. 14, č. 1-2 (2004), s. 43-44 
850 |a Slovenská národná knižnica v Martine 
852 |a SNK  |b KIS3GCP 
958 7 |a LX 
999 |c 3023921  |d 3025851